Avances legislativos provinciales sobre responsabilidad social (Registro nro. 27478)

Detalles MARC
000 -LEADER
fixed length control field 00441 a2200121 4500
001 - CONTROL NUMBER
control field ART_42867
005 - DATE AND TIME OF LATEST TRANSACTION
control field 20260410161918.0
008 - FIXED-LENGTH DATA ELEMENTS--GENERAL INFORMATION
fixed length control field 260409a
100 1# - MAIN ENTRY--PERSONAL NAME
Personal name Berri, Ana María
245 10 - TITLE STATEMENT
Title Avances legislativos provinciales sobre responsabilidad social
700 1# - ADDED ENTRY--PERSONAL NAME
Personal name Palacios, Clide Lidia
773 0# - HOST ITEM ENTRY
Title Documentos de trabajo de contabilidad, auditoría y responsabilidad social
Related parts - Año 5, Nº 10 (dic. 2015)
Record control number REV14385

No hay ítems disponibles.